Introduction to operations research /
Guardado en:
| Autor Principal: | |
|---|---|
| Otros Autores: | |
| Formato: | Libro |
| Idioma: | English |
| Publicado: |
San Francisco [etc.] :
Holden-Day,
1967.
|
| Series: | Holden-Day series in industrial engineering and management science
|
| Etiquetas: |
Agregar Etiqueta
Sin Etiquetas, Sea el primero en etiquetar este registro!
|
| LEADER | 00745nam a22001935 4500 | ||
|---|---|---|---|
| 001 | MAT.inmabb001771 | ||
| 008 | 740518s1967####caua#####b####001#0#eng#d | ||
| 005 | 20130430181432.0 | ||
| 245 | 1 | 0 | |a Introduction to operations research / |c Frederick S. Hillier, Gerald J. Lieberman. |
| 260 | |a San Francisco [etc.] : |b Holden-Day, |c 1967. | ||
| 300 | |a x, 639 p. : |b il. ; |c 24 cm. | ||
| 440 | 0 | |a Holden-Day series in industrial engineering and management science | |
| 500 | |a Second ed. published in 1974 under title: Operations research. | ||
| 504 | |a Incluye referencias bibliográficas. | ||
| 100 | 1 | |a Hillier, Frederick S. | |
| 700 | 1 | |a Lieberman, Gerald J. | |
| 084 | |a 90Bxx (90-01) |2 msc2000 | ||
| 010 | |a 67027772 | ||
| 859 | |h 90 |i H654 |p A-3157 |b BIB. MATEMATICA | ||
